|
|
|
|
| LEADER |
00000cam a22000004a 4500 |
| 001 |
musev2_35979 |
| 003 |
MdBmJHUP |
| 005 |
20230905043802.0 |
| 006 |
m o d |
| 007 |
cr||||||||nn|n |
| 008 |
140919s2014 nyu o 00 0 eng d |
| 020 |
|
|
|a 9780823263493
|
| 020 |
|
|
|z 9780823263479
|
| 035 |
|
|
|a (OCoLC)900223867
|
| 040 |
|
|
|a MdBmJHUP
|c MdBmJHUP
|
| 100 |
1 |
|
|a Netzley, Ryan,
|d 1972-
|
| 245 |
1 |
0 |
|a Lyric Apocalypse :
|b Milton, Marvell, and the Nature of Events /
|c Ryan Netzley.
|
| 264 |
|
1 |
|a New York :
|b Fordham University Press,
|c 2014.
|
| 264 |
|
3 |
|a Baltimore, Md. :
|b Project MUSE,
|c 2015
|
| 264 |
|
4 |
|c ©2014.
|
| 300 |
|
|
|a 1 online resource (288 pages).
|
| 336 |
|
|
|a text
|b txt
|2 rdacontent
|
| 337 |
|
|
|a computer
|b c
|2 rdamedia
|
| 338 |
|
|
|a online resource
|b cr
|2 rdacarrier
|
| 490 |
0 |
|
|a Verbal arts : studies in poetics
|
| 505 |
0 |
|
|a Introduction. Lyric Apocalypses, Transformative Time, and the Possibility of Endings -- 1. Apocalyptic Means: Allegiance, Force, and Events in Marvell's Cromwell Trilogy and Royalist Elegies -- 2. Hope in the Present: Paratactic Apocalypses and Contemplative Events in Milton's Sonnets -- 3. What Happens in Lycidas Apocalypse, Possibility, and Events in Milton's Pastoral Elegy -- 4. How Poems End: Apocalypse, Symbol, and the Event of Ending in "Upon Appleton House" -- Conclusion. Revelation: Learning Freedom and the End of Crisis.
|
| 520 |
|
|
|a "What's new about the apocalypse? Revelation does not allow us to look back after the end and enumerate pivotal turning points. It happens in an immediate encounter with the transformatively new. John Milton's and Andrew Marvell's lyrics attempt to render the experience of such an apocalyptic change in the present. In this respect they take seriously the Reformation's insistence that eschatology is a historical phenomenon. Yet these poets are also reacting to the Regicide, and, as a result, their works explore very modern questions about the nature of events, what it means for a significant historical occasion to happen. Lyric Apocalypse argues that Milton's and Marvell's lyrics challenge any retrospective understanding of events, including one built on a theory of revolution. Instead, these poems show that there is no "after" to the apocalypse, that if we are going to talk about change, we should do so in the present, when there is still time to do something about it. For both of these poets, lyric becomes a way to imagine an apocalyptic event that would be both hopeful and new"--
|c Provided by publisher.
|
| 520 |
|
|
|a "How can one experience the apocalypse in the present? Lyric Apocalypse argues that John Milton's and Andrew Marvell's lyrics depict revelation as an immediately perceptible event. In so doing, their lyrics explore the nature of events, the modern question of what it means for something to happen in the present"--
|c Provided by publisher.
|
| 588 |
|
|
|a Description based on print version record.
|
| 600 |
1 |
7 |
|a Milton, John,
|d 1608-1674.
|2 fast
|0 (OCoLC)fst00029106
|
| 600 |
1 |
7 |
|a Marvell, Andrew,
|d 1621-1678.
|2 fast
|0 (OCoLC)fst00049338
|
| 600 |
1 |
1 |
|a Milton, John,
|d 1608-1674
|x Criticism and interpretation.
|
| 600 |
1 |
1 |
|a Marvell, Andrew,
|d 1621-1678
|x Criticism and interpretation.
|
| 600 |
1 |
0 |
|a Milton, John,
|d 1608-1674
|x Criticism and interpretation.
|
| 600 |
1 |
0 |
|a Marvell, Andrew,
|d 1621-1678
|x Criticism and interpretation.
|
| 650 |
|
7 |
|a English poetry.
|2 fast
|0 (OCoLC)fst00912278
|
| 650 |
|
7 |
|a Apocalypse in literature.
|2 fast
|0 (OCoLC)fst01896027
|
| 650 |
|
7 |
|a End of the world in literature.
|2 fast
|0 (OCoLC)fst00909643
|
| 650 |
|
7 |
|a POETRY
|x English, Irish, Scottish, Welsh.
|2 bisacsh
|
| 650 |
|
7 |
|a LITERARY CRITICISM
|x European
|x English, Irish, Scottish, Welsh.
|2 bisacsh
|
| 650 |
|
7 |
|a LITERARY CRITICISM
|x Poetry.
|2 bisacsh
|
| 650 |
|
7 |
|a LITERARY CRITICISM
|x Semiotics & Theory.
|2 bisacsh
|
| 650 |
|
6 |
|a Fin du monde dans la litterature.
|
| 650 |
|
6 |
|a Poesie anglaise
|y 17e siecle
|x Histoire et critique.
|
| 650 |
|
0 |
|a End of the world in literature.
|
| 650 |
|
0 |
|a Apocalypse in literature.
|
| 650 |
|
0 |
|a English poetry
|y 17th century
|x History and criticism.
|
| 655 |
|
7 |
|a Criticism, interpretation, etc.
|2 fast
|0 (OCoLC)fst01411635
|
| 655 |
|
7 |
|a Electronic books.
|2 local
|
| 710 |
2 |
|
|a Project Muse.
|e distributor
|
| 830 |
|
0 |
|a Book collections on Project MUSE.
|
| 856 |
4 |
0 |
|z Texto completo
|u https://projectmuse.uam.elogim.com/book/35979/
|
| 945 |
|
|
|a Project MUSE - Custom Collection
|
| 945 |
|
|
|a Project MUSE - 2015 Literature
|
| 945 |
|
|
|a Project MUSE - 2015 Complete
|